| 000 | 00467nam a2200193Ia 4500 | ||
|---|---|---|---|
| 008 | 170918s9999 xx 000 0 und d | ||
| 020 | _a9780590632546 | ||
| 050 | _bS814 1995 | ||
| 100 | _aSteele, Philip | ||
| 245 | _aBlack holes and othe space phenomena / | ||
| 245 | _cPhilip Steele. | ||
| 260 | _aNew York : | ||
| 260 | _bScholastic, | ||
| 260 | _c1995 | ||
| 300 | _a40 pages : | ||
| 300 | _bcolored illustration ; | ||
| 300 | _c29cm. | ||
| 500 | _a910 | ||
| 999 |
_c342238 _d342238 |
||